Elements of public health engineering (Record no. 12152)

000 -LEADER
fixed length control field 00458nam a22001817a 4500
001 - CONTROL NUMBER
control field 12152
003 - CONTROL NUMBER IDENTIFIER
control field BD-DhUET
008 - FIXED-LENGTH DATA ELEMENTS--GENERAL INFORMATION
fixed length control field 150224b xxu||||| |||| 00| 0 eng d
040 ## - CATALOGING SOURCE
Original cataloging agency DLC
Transcribing agency DLC
Modifying agency BD-DhUET
082 ## - DEWEY DECIMAL CLASSIFICATION NUMBER
Classification number 628
Item number DUG/1984
100 ## - MAIN ENTRY--PERSONAL NAME
Personal name Duggal, K. N.
245 ## - TITLE STATEMENT
Title Elements of public health engineering
250 ## - EDITION STATEMENT
Edition statement 3rd ed.
260 ## - PUBLICATION, DISTRIBUTION, ETC. (IMPRINT)
Place of publication, distribution, etc. New Delhi
Name of publisher, distributor, etc. S. Chand
Date of publication, distribution, etc. 1984
300 ## - PHYSICAL DESCRIPTION
Extent 412p.
Other physical details illus.
650 #0 - SUBJECT ADDED ENTRY--TOPICAL TERM
Topical term or geographic name as entry element Public health engineering
942 ## - ADDED ENTRY ELEMENTS (KOHA)
Koha item type General Book
Holdings
Copy number Lost status Koha date last seen Sublocation or collection (holding branch) Koha normalized classification for sorting Piece designation (barcode) Koha item type Price effective from Not for loan Source of classification or shelving scheme Withdrawn status Location (home branch) Shelving location Date acquired Koha full call number Damaged status
1 2015-02-24Central Library, BUET624_000000000000000_DUG_199183032General Book2015-02-24   Central Library, BUETCirculation section2015-02-24624/DUG/1991 
2 2015-02-24Central Library, BUET624_000000000000000_DUG_199158138General Book2015-02-24   Central Library, BUETCirculation section2015-02-24624/DUG/1991 
3 2015-06-30Central Library, BUET628_000000000000000_DUG_198458134Reading Item2015-06-30   Central Library, BUETReading section2015-06-30628/DUG/1984